Фильмы с Томом Крузом - Армагеддон - Statistics

General Stats
  • This quiz has been taken 23 times
  • The average score is 9 of 20
Answers on the Grid
Answers color-coded by a green-red scale on the quiz's grid according to % correct below.
Крадущийся тигр, затаившийся дракон
Дни грома
Миссия невыполнима
Чрево
Война миров
Интервью с вампиром
С широко закрытыми глазами
Несколько хороших парней
Фанатик
Рождённый четвёртого июля
Окончательный анализ
Тупой и ещё тупее 2
Грань будущего
Сердца в Атлантиде
Ванильное небо
Последние дни
Топ Ган
Эквилибриум
Цвет денег
Куда приводят мечты
Мы были солдатами
Особое мнение
Кто вы, мистер Брукс?
Муштра
Соучастник
Человек дождя
Треугольник
Впритык
Худеющий
Последний самурай
Страна тигров
Фирма
Обливион
Гром в тропиках
Звёздный десант
Убийство священного оленя
Престиж
Магнолия
Сделано в Америке
Чудо на Гудзоне
 
Answer Stats
Answer % Correct
Миссия невыполнима
100%
Война миров
79%
Интервью с вампиром
71%
Грань будущего
64%
Ванильное небо
57%
Человек дождя
57%
Последний самурай
57%
С широко закрытыми глазами
50%
Рождённый четвёртого июля
50%
Топ Ган
50%
Обливион
50%
Дни грома
29%
Несколько хороших парней
29%
Особое мнение
29%
Цвет денег
21%
Магнолия
21%
Соучастник
14%
Сделано в Америке
14%
Фирма
7%
Гром в тропиках
7%
No matching quizzes found
Score Distribution
Percent of People with Each Score
Percentile by Number Answered
Your Score History
You have not taken this quiz